| 000 | 00662cam a2200205 i 4500 | ||
|---|---|---|---|
| 001 | 17590449 | ||
| 005 | 20260112052356.0 | ||
| 008 | 130114t20132013enk b 001 0 eng | ||
| 020 |
_a9780691157399 _q(pbk.) |
||
| 020 |
_a0691157391 _q(pbk.) |
||
| 082 | _a362.1 BIE | ||
| 245 | 0 | 0 |
_aWhen people come first : _bcritical studies in global health / _cedited by João Biehl and Adriana Petryna. |
| 264 | 1 |
_aPrinceton : _bPrinceton University Press, _c2013. |
|
| 300 |
_a446 p. ; _c24 cm |
||
| 650 | 0 | _aWorld health. | |
| 650 | 0 |
_aPublic health _xInternational cooperation. |
|
| 700 | 1 | _aBiehl, João Guilherme. | |
| 700 | 1 | _aPetryna, Adriana | |
| 942 |
_2ddc _cBK |
||
| 999 |
_c111695 _d111695 |
||